ბათუმის შოთა რუსთაველის სახელმწიფო უნივერსიტეტის ბიბლიოთეკა

სისხლის სამართლის პრობლემები (ბიბ.ჩანაწერი № 49355)

000 -LEADER
fixed length control field 00866nam a2200253Ia 4500
001 - CONTROL NUMBER
control field 16272
003 - CONTROL NUMBER IDENTIFIER
control field GE_BSU
008 - FIXED-LENGTH DATA ELEMENTS--GENERAL INFORMATION
fixed length control field 181216s||||||||xx |||||||||||||| ||und||
020 ## - INTERNATIONAL STANDARD BOOK NUMBER
International Standard Book Number 9789941935527
040 ## - CATALOGING SOURCE
Transcribing agency GE_BSU
080 ## - UNIVERSAL DECIMAL CLASSIFICATION NUMBER
Universal Decimal Classification number 343(479.22)
100 ## - MAIN ENTRY--PERSONAL NAME
Personal name გამყრელიძე, ოთარ;თინათინ წერეთელი
245 ## - TITLE STATEMENT
Title სისხლის სამართლის პრობლემები
245 ## - TITLE STATEMENT
Remainder of title ტ.2
260 ## - PUBLICATION, DISTRIBUTION, ETC.
Place of publication, distribution, etc. თბილისი
260 ## - PUBLICATION, DISTRIBUTION, ETC.
Name of publisher, distributor, etc. იურისტების სამყარო
260 ## - PUBLICATION, DISTRIBUTION, ETC.
Date of publication, distribution, etc. 2013
300 ## - PHYSICAL DESCRIPTION
Extent 378გვ;20სმ.
653 ## - INDEX TERM--UNCONTROLLED
Uncontrolled term სამართალი
653 ## - INDEX TERM--UNCONTROLLED
Uncontrolled term სისხლის სამართალი
653 ## - INDEX TERM--UNCONTROLLED
Uncontrolled term სისხლის სამართლის პრობლემები
942 ## - ADDED ENTRY ELEMENTS (KOHA)
Koha item type წიგნი
ეგზემპლარები
Withdrawn status Lost status Damaged status Not for loan Date acquired Barcode Date last seen Price effective from Koha item type
        2018-12-17 40611 2018-12-17 2018-12-17 წიგნი
        2018-12-17 40612 2018-12-17 2018-12-17 წიგნი
        2018-12-17 40613 2018-12-17 2018-12-17 წიგნი